000 00672cab a2200241 4500
001 X1166
008 090401t1993 xxu||||| |||| 00| 0 eng d
035 _a(Sirsi) u15139
041 _aeng
100 _aEnsom, T.
245 _aPerformance specified work
260 _c1993
350 _a0
490 _aCS Monthly
_bthe Building Surveyor
_v3(3) November 1993, 6(1)
650 _aBUILT ENVIRONMENT-BUILDING CONTRACT FORMS
650 _aJCT 1980 AMENDMENT 12
650 _aJCT 80
650 _aPERFORMANCE SPECIFICATION
690 _aBUILT ENVIRONMENT-BUILDING MATERIALS
690 _aBUILT ENVIRONMENT-BUILDING INSPECTION
942 _n0
948 _c04/03/1997
999 _c9894
_d9894